<?xml version="1.0" encoding="UTF-8"?>
<record
    xmlns:xsi="http://www.w3.org/2001/XMLSchema-instance"
    xsi:schemaLocation="http://www.loc.gov/MARC21/slim http://www.loc.gov/standards/marcxml/schema/MARC21slim.xsd"
    xmlns="http://www.loc.gov/MARC21/slim">

  <leader>00584nam a22001817a 4500</leader>
  <datafield tag="999" ind1=" " ind2=" ">
    <subfield code="c">173902</subfield>
    <subfield code="d">173902</subfield>
  </datafield>
  <controlfield tag="005">20200312105540.0</controlfield>
  <datafield tag="010" ind1=" " ind2=" ">
    <subfield code="a">A-603568</subfield>
  </datafield>
  <datafield tag="020" ind1=" " ind2=" ">
    <subfield code="c">11.00</subfield>
  </datafield>
  <datafield tag="035" ind1=" " ind2=" ">
    <subfield code="a">A-603568</subfield>
  </datafield>
  <datafield tag="037" ind1=" " ind2=" ">
    <subfield code="b">BPPD/Pub.</subfield>
  </datafield>
  <datafield tag="082" ind1=" " ind2=" ">
    <subfield code="a">615.54</subfield>
  </datafield>
  <datafield tag="100" ind1=" " ind2=" ">
    <subfield code="a">&#x627;&#x644;&#x637;&#x627;&#x641; &#x627;&#x62D;&#x645;&#x62F; &#x627;&#x639;&#x638;&#x645;&#x6CC;</subfield>
  </datafield>
  <datafield tag="245" ind1=" " ind2=" ">
    <subfield code="a">&#x645;&#x628;&#x627;&#x62F;&#x6CC;&#x627;&#x62A; &#x637;&#x628; &#x67E;&#x631; &#x627;&#x6CC;&#x6A9; &#x62A;&#x62D;&#x642;&#x6CC;&#x642;&#x6CC; &#x646;&#x638;&#x631; /</subfield>
    <subfield code="c">&#x627;&#x644;&#x637;&#x627;&#x641; &#x627;&#x62D;&#x645;&#x62F; &#x627;&#x639;&#x638;&#x645;&#x6CC;</subfield>
  </datafield>
  <datafield tag="246" ind1=" " ind2=" ">
    <subfield code="a">Mabadiyat-e-Tib Per Ek Tehqeeqi Nazar /</subfield>
    <subfield code="b">by Altaf Ahmad Azmi</subfield>
  </datafield>
  <datafield tag="260" ind1=" " ind2=" ">
    <subfield code="a">New Delhi</subfield>
    <subfield code="b">Taraqqi Urdu Bureau</subfield>
    <subfield code="c">1912 &#x621;</subfield>
  </datafield>
  <datafield tag="300" ind1=" " ind2=" ">
    <subfield code="a">179p.</subfield>
    <subfield code="c">22cm(Hb)</subfield>
  </datafield>
  <datafield tag="942" ind1=" " ind2=" ">
    <subfield code="2">ddc</subfield>
    <subfield code="c">UR</subfield>
    <subfield code="h">615.54</subfield>
    <subfield code="m">&#x627; &#x644; &#x637;</subfield>
  </datafield>
  <datafield tag="952" ind1=" " ind2=" ">
    <subfield code="0">0</subfield>
    <subfield code="1">0</subfield>
    <subfield code="4">0</subfield>
    <subfield code="7">0</subfield>
    <subfield code="8">NFIC</subfield>
    <subfield code="a">L</subfield>
    <subfield code="b">L</subfield>
    <subfield code="d">2020-03-12</subfield>
    <subfield code="e">BPPD/Ven.</subfield>
    <subfield code="g">11.00</subfield>
    <subfield code="l">0</subfield>
    <subfield code="o">615.54 &#x627; &#x644; &#x637;</subfield>
    <subfield code="p">A-603568</subfield>
    <subfield code="r">2020-03-12 00:00:00</subfield>
    <subfield code="t">1</subfield>
    <subfield code="v">11.00</subfield>
    <subfield code="w">2020-03-12</subfield>
    <subfield code="y">UR</subfield>
  </datafield>
</record>
